La formación de Europa / (Record no. 127253)

MARC details
000 -LEADER
campo de control de longitud fija 01278nam a2200277 4500
001 - NÚMERO DE CONTROL
campo de control 127253
003 - IDENTIFICADOR DE NÚMERO DE CONTROL
campo de control ES-MaACL
005 - FECHA Y HORA DE LA ÚLTIMA TRANSACCIÓN
campo de control 20230906192956.0
007 - CAMPO FIJO DE DESCRIPCIÓN FÍSICA--INFORMACIÓN GENERAL
campo de control de longitud fija t|
008 - DATOS DE LONGITUD FIJA--INFORMACIÓN GENERAL
campo de control de longitud fija 070214m19471955sp r ||||1| spa d
100 1# - ENTRADA PRINCIPAL--NOMBRE DE PERSONA
Nombre de persona Reynold, Gonzague de.
9 (RLIN) 96625
245 13 - MENCIÓN DEL TÍTULO
Título La formación de Europa /
Mención de responsabilidad, etc. Gonzague de Reynold.
260 ## - PUBLICACIÓN, DISTRIBUCIÓN, ETC.
Lugar de publicación, distribución, etc. Madrid :
Nombre del editor, distribuidor, etc. Pegaso,
Fecha de publicación, distribución, etc. 1947-1955.
300 ## - DESCRIPCIÓN FÍSICA
Extensión 5 tomos en 6 v. ;
Dimensiones 22 cm.
505 8# - NOTA DE CONTENIDO CON FORMATO
Nota de contenido con formato Contiene: Tomo I. ¿Qué es Europa?. Tomo II. El mundo griego y su pensamiento, traducción de José Miguel de Azaola. Tomo III. El helenismo y el genio europeo, traducción de José Miguel de Azaola. Tomo IV. El Imperio Romano. traducción de José Miguel de Azaola. Tomo V. El mundo bárbaro y su fusión con el romano. 1. Los celtas, traducción de José Miguel de Azaola. 2. Los germanos, traducción de J. García Mercadel
700 1# - ENTRADA AGREGADA--NOMBRE PERSONAL
Nombre de persona Azaola, José Miguel de (
Fechas asociadas al nombre 1917-2007)
9 (RLIN) 24229
700 1# - ENTRADA AGREGADA--NOMBRE PERSONAL
Nombre de persona García Mercadel, J.
9 (RLIN) 54946
740 0# - ENTRADA AGREGADA--TÍTULO RELACIONADO/ANALÍTICO NO CONTROLADO
Título relacionado o analítico no controlado ¿Qué es Europa?
740 0# - ENTRADA AGREGADA--TÍTULO RELACIONADO/ANALÍTICO NO CONTROLADO
Título relacionado o analítico no controlado El mundo griego y su pensamiento.
740 0# - ENTRADA AGREGADA--TÍTULO RELACIONADO/ANALÍTICO NO CONTROLADO
Título relacionado o analítico no controlado El helenismo y el genio europeo.
740 0# - ENTRADA AGREGADA--TÍTULO RELACIONADO/ANALÍTICO NO CONTROLADO
Título relacionado o analítico no controlado El Imperio Romano.
740 0# - ENTRADA AGREGADA--TÍTULO RELACIONADO/ANALÍTICO NO CONTROLADO
Título relacionado o analítico no controlado El mundo bárbaro y su fusión con el romano.
740 0# - ENTRADA AGREGADA--TÍTULO RELACIONADO/ANALÍTICO NO CONTROLADO
Título relacionado o analítico no controlado Los celtas.
740 0# - ENTRADA AGREGADA--TÍTULO RELACIONADO/ANALÍTICO NO CONTROLADO
Título relacionado o analítico no controlado Los germanos.
852 ## - LOCALIZACIÓN
Ubicación ES-MaACL
Número de control de estantería E-9925-30
Sublocalización o colección R.24059
Holdings
Estatus retirado Estado de pérdida Estado de daño No para préstamo Biblioteca de origen Biblioteca actual Ubicación en estantería Fecha de adquisición Fuente de adquisición Total de préstamos Signatura topográfica completa Código de barras Visto por última vez Precio de reemplazo Tipo de ítem Koha
        Biblioteca del Ateneo de Madrid Biblioteca del Ateneo de Madrid Depósito 2 17/01/2008     E-9925-30 1132543 23/02/2023 23/02/2023 Libro impreso